Subdivision capitals closest to Bucharest (RO) - Statistics

General Stats
  • This quiz has been taken 28 times
  • The average score is 14 of 20
Answer Stats
Distance (km) Answer % Correct
13 139 Brașov
93%
6 97 Buzău
87%
10 107 Pitești
87%
1 55 Ploiești
87%
9 102 Călărași (RO)
80%
2 63 Giurgiu
80%
8 101 Slobozia
80%
4 73 Târgoviște
80%
14 139 Targovište
80%
5 81 Alexandria
73%
19 163 Focșani
73%
3 67 Ruse
73%
16 155 Râmnicu Vâlcea
67%
12 138 Slatina
67%
15 147 Šumen
67%
20 165 Pleven
60%
17 156 Veliko Tarnovo
60%
18 160 Sfântu Gheorghe
53%
7 100 Silistra
53%
11 108 Razgrad
47%
No matching quizzes found
Score Distribution
Percent of People with Each Score
Percentile by Number Answered
Your Score History
You have not taken this quiz